High Court Misc. Application No. 1303 OF 2000 (Arising from Civil Suit No. GK 236 of 1991) Dairy Corporation Vs Opio Kahawa (Record no. 4548)
[ view plain ]
| 000 -LEADER | |
|---|---|
| fixed length control field | 00352nam a22000977a 4500 |
| 008 - FIXED-LENGTH DATA ELEMENTS--GENERAL INFORMATION | |
| fixed length control field | 110705t xxu||||| |||| 00| 0 eng d |
| 010 ## - LIBRARY OF CONGRESS CONTROL NUMBER | |
| LC control number | HCMAF103 |
| 245 ## - TITLE STATEMENT | |
| Title | High Court Misc. Application No. 1303 OF 2000 (Arising from Civil Suit No. GK 236 of 1991) Dairy Corporation Vs Opio Kahawa |
| 260 ## - PUBLICATION, DISTRIBUTION, ETC. (IMPRINT) | |
| Date of publication, distribution, etc | 2000 |
| 500 ## - GENERAL NOTE | |
| General note | BEFORE: THE HON. MR. JUSTICE MOSES MUKIIBI |
| Withdrawn status | Lost status | Source of classification or shelving scheme | Damaged status | Koha normalized classification for sorting | Not for loan | Location (home branch) | Sublocation or collection (holding branch) | Shelving location | Date acquired | Koha issues (times borrowed) | Koha full call number | Piece designation (barcode) | Koha date last seen | Price effective from | Koha item type |
|---|---|---|---|---|---|---|---|---|---|---|---|---|---|---|---|
| Dewey Decimal Classification | HCMAF__103 | Law Development Centre Main Library | Law Development Centre Main Library | Law Reports | 07/05/2011 | HCMAF_103 | 1303/2000/1 | 07/05/2011 | 07/05/2011 | Un Reported Cases |
